书目信息 |
| 题名: |
特种经济动物解剖学
|
|
| 作者: | 于洋 主编 | |
| 分册: | ||
| 出版信息: | 沈阳 辽宁科学技术出版社 2013.04 |
|
| 页数: | 186页 | |
| 开本: | 26cm | |
| 丛书名: | ||
| 单 册: | ||
| 中图分类: | S864.1 | |
| 科图分类: | ||
| 主题词: | 经济动物--动物解剖 , 经济动物 , 动物解剖 | |
| 电子资源: | ||
| ISBN: | 978-7-5381-8055-8 | |
| 000 | 01043nam0 2200301 450 | |
| 001 | 012013164319 | |
| 005 | 20140610104959.96 | |
| 010 | @a978-7-5381-8055-8@dCNY36.00 | |
| 100 | @a20130727d2013 em y0chiy0110 ea | |
| 101 | 0 | @achi |
| 102 | @aCN@b210000 | |
| 105 | @aa z 000yy | |
| 106 | @ar | |
| 200 | 1 | @a特种经济动物解剖学@9te zhong jing ji dong wu jie pou xue@f于洋[等]主编 |
| 210 | @a沈阳@c辽宁科学技术出版社@d2013.04 | |
| 215 | @a186页@c图@d26cm | |
| 300 | @a辽宁科协资助 | |
| 312 | @a封面英文题名:Special economic animal anatomy | |
| 330 | @a本书分为两篇,第一篇为哺乳类特种经济动物解剖,包括犬的解剖、狐的解剖、鹿的解剖、水貂的解剖和兔的解剖。第二篇为禽类特种经济动物解剖,包括鸵鸟的解剖、鹌鹑的解剖和野鸭的解剖。 | |
| 333 | @a广大兽医从业者 | |
| 510 | 1 | @aSpecial economic animal anatomy@zeng |
| 606 | 0 | @a经济动物@x动物解剖 |
| 606 | 0 | @a经济动物 |
| 606 | 0 | @a动物解剖 |
| 690 | @aS864.1@v5 | |
| 701 | 0 | @a于洋@9yu yang@f(1962-)@4主编 |
| 801 | 0 | @aCN@b人天书店@c20130727 |
| 905 | @b846266-68@dS864.1@e104@f3 | |
| 特种经济动物解剖学/于洋[等]主编.-沈阳:辽宁科学技术出版社,2013.04 |
| 186页:图;26cm |
| 辽宁科协资助.-使用对象:广大兽医从业者 |
| ISBN 978-7-5381-8055-8:CNY36.00 |
| 本书分为两篇,第一篇为哺乳类特种经济动物解剖,包括犬的解剖、狐的解剖、鹿的解剖、水貂的解剖和兔的解剖。第二篇为禽类特种经济动物解剖,包括鸵鸟的解剖、鹌鹑的解剖和野鸭的解剖。 |
| ● |
| 相关链接 |
|
|
|
|
正题名:特种经济动物解剖学
索取号:S864.1/104
 
预约/预借
| 序号 | 登录号 | 条形码 | 馆藏地/架位号 | 状态 | 备注 |
| 1 | 846266 | 208462661 | 第二样本阅览室/ [索取号:S864.1/104] | 在馆 | |
| 2 | 846267 | 208462670 | 第三借阅区/ [索取号:S864.1/104] | 在馆 | |
| 3 | 846268 | 208462689 | 密集书库-生命科学系/ [索取号:S864.1/104] | 在馆 |